[Event "Catalunya-chT Gp2 final"]
[Site "Barcelona"]
[Date "2016.04.16"]
[Round "4.3"]
[White "Serra, Francesco"]
[Black "LLobet Reus, Pere"]
[Result "1/2-1/2"]
[WhiteElo "2156"]
[BlackElo "2208"]
[PlyCount "55"]
[EventDate "2016.03.12"]
[EventType "team-tourn"]
[EventRounds "4"]
[EventCountry "ESP"]
[SourceTitle "EXT 2017"]
[Source "ChessBase"]
[SourceDate "2016.10.25"]
[SourceVersion "1"]
[SourceVersionDate "2016.10.25"]
[SourceQuality "1"]
[WhiteTeam "Peona I Peo"]
[BlackTeam "Barcelona Unio Graciencia"]
[WhiteTeamCountry "ESP"]
[BlackTeamCountry "ESP"]

1. e4 d6 2. d4 Nf6 3. Nc3 g6 4. g3 Bg7 5. Bg2 0-0 6. Nge2 e5 7. h3 Nc6 8. Be3 Bd7 9. 0-0 exd4 10. Nxd4 Re8 11. Nde2 b5 12. a3 a5 13. g4 b4 14. axb4 axb4 15. Rxa8 Qxa8 16. g5 bxc3 17. gxf6 Bxf6 18. Nxc3 Bxc3 19. bxc3 Qc8 20. Kh2 Ne5 21. f4 Nc4 22. Bc1 Bc6 23. Qd4 Qe6 24. Re1 d5 25. e5 Nd6 26. Rd1 Nf5 27. Qc5 Ne7 28. Bf3 1/2-1/2

[Event "Catalunya-chT Gp1"]
[Site "Barcelona"]
[Date "2016.02.20"]
[Round "5.2"]
[White "LLobet Reus, Pere"]
[Black "Ryan, Joseph"]
[Result "1/2-1/2"]
[WhiteElo "2208"]
[BlackElo "2176"]
[PlyCount "90"]
[EventDate "2016.01.23"]
[EventType "team-tourn"]
[EventRounds "7"]
[EventCountry "ESP"]
[SourceTitle "EXT 2017"]
[Source "ChessBase"]
[SourceDate "2016.10.25"]
[SourceVersion "1"]
[SourceVersionDate "2016.10.25"]
[SourceQuality "1"]
[WhiteTeam "Barcelona Unio Graciencia"]
[BlackTeam "Montcada"]
[WhiteTeamCountry "ESP"]
[BlackTeamCountry "ESP"]

1. e4 e6 2. d3 d5 3. Qe2 Nf6 4. g3 dxe4 5. dxe4 e5 6. Bg2 Nc6 7. c3 a5 8. Nf3 Bc5 9. 0-0 0-0 10. Bg5 h6 11. Rd1 Qe7 12. Bxf6 Qxf6 13. Nbd2 a4 14. Nc4 Be6 15. Ne3 Bxe3 16. Qxe3 Na5 17. Bf1 Rfd8 18. Nd2 c6 19. Rdb1 Qg5 20. Qxg5 hxg5 21. Rd1 f6 22. Be2 b6 23. Kf1 Rd7 24. Ke1 Rad8 25. Nf1 Kf7 26. Rxd7+ Rxd7 27. Ne3 Rd8 28. h4 gxh4 29. gxh4 Ke7 30. Bd1 b5 31. Be2 g6 32. h5 gxh5 33. Bxh5 Nb7 34. Bd1 Rh8 35. Bf3 Nc5 36. Ke2 Nd7 37. a3 Nb6 38. Rg1 Rh7 39. Kd2 Rh2 40. Rg2 Rxg2 41. Bxg2 Kd6 42. Bf1 Kc5 43. Kc2 Nc4 44. Bxc4 bxc4 45. Kd2 Kd6 1/2-1/2

[Event "Catalunya-chT Gp1"]
[Site "Barcelona"]
[Date "2016.01.30"]
[Round "2.1"]
[White "LLobet Reus, Pere"]
[Black "Alshameary Puente, Ismael"]
[Result "1/2-1/2"]
[WhiteElo "2208"]
[BlackElo "2318"]
[PlyCount "56"]
[EventDate "2016.01.23"]
[EventType "team-tourn"]
[EventRounds "7"]
[EventCountry "ESP"]
[SourceTitle "CBM 170 Extra"]
[Source "ChessBase"]
[SourceDate "2016.02.25"]
[SourceVersion "1"]
[SourceVersionDate "2016.02.25"]
[SourceQuality "1"]
[WhiteTeam "Barcelona Unio Graciencia"]
[BlackTeam "Barcelona Escola Escacs"]
[WhiteTeamCountry "ESP"]
[BlackTeamCountry "ESP"]

1. e4 c5 2. Nf3 d6 3. d4 cxd4 4. Nxd4 Nf6 5. Nc3 a6 6. Be3 e5 7. Nb3 Be7 8. f3 Be6 9. Qd2 0-0 10. Nd5 Bxd5 11. exd5 Nfd7 12. Be2 f5 13. 0-0 f4 14. Bf2 Nf6 15. c4 b6 16. Rad1 a5 17. Nc1 Na6 18. a3 a4 19. Nd3 Nc5 20. Nb4 Nfd7 21. Bd3 Nb3 22. Qc2 Bh4 23. Bxh7+ Kh8 24. Be4 Bxf2+ 25. Qxf2 Ndc5 26. Bb1 Qg5 27. Nc6 Rf6 28. Qc2 Rh6 1/2-1/2

[Event "Catalunya-chT Gp1"]
[Site "Barcelona"]
[Date "2016.01.23"]
[Round "1.2"]
[White "Armengol Navarro, Salvador"]
[Black "LLobet Reus, Pere"]
[Result "1/2-1/2"]
[WhiteElo "2112"]
[BlackElo "2208"]
[PlyCount "131"]
[EventDate "2016.01.23"]
[EventType "team-tourn"]
[EventRounds "7"]
[EventCountry "ESP"]
[SourceTitle "CBM 170 Extra"]
[Source "ChessBase"]
[SourceDate "2016.02.25"]
[SourceVersion "1"]
[SourceVersionDate "2016.02.25"]
[SourceQuality "1"]
[WhiteTeam "Catalunya"]
[BlackTeam "Barcelona Unio Graciencia"]
[WhiteTeamCountry "ESP"]
[BlackTeamCountry "ESP"]

1. e4 d6 2. d4 Nf6 3. Bd3 e5 4. c3 d5 5. dxe5 Nxe4 6. Bxe4 dxe4 7. Qxd8+ Kxd8 8. Bf4 Nd7 9. Ne2 Nc5 10. 0-0 Bg4 11. f3 exf3 12. gxf3 Bd7 13. Bg3 Nd3 14. b3 Bc5+ 15. Nd4 Nb4 16. Nd2 Nc2 17. Rac1 Nxd4 18. cxd4 Bxd4+ 19. Kg2 Re8 20. Nc4 Re6 21. Rfd1 Bc5 22. Na5 b6 23. Nb7+ Kc8 24. Nxc5 bxc5 25. Rxc5 Bc6 26. Rdc1 Kb7 27. b4 a6 28. a4 Rc8 29. b5 axb5 30. axb5 Be8 31. Be1 Rb6 32. Ba5 Rxb5 33. Rxc7+ Rxc7 34. Rxc7+ Kb8 35. Re7 Rxa5 36. Rxe8+ Kc7 37. Re7+ Kc6 38. Rxf7 Rxe5 39. Rxg7 h5 40. h4 Kd6 41. Rg5 Re2+ 42. Kg3 Ke6 43. Rxh5 Rc2 44. Kg4 Rg2+ 45. Kf4 Rf2 46. Rb5 Kf6 47. Rb6+ Kg7 48. h5 Rf1 49. Kg4 Rg1+ 50. Kf5 Ra1 51. f4 Ra5+ 52. Kg4 Ra1 53. Kg5 Rg1+ 54. Kf5 Ra1 55. h6+ Kh7 56. Kf6 Kxh6 57. Kf7+ Kh7 58. f5 Ra7+ 59. Kf6 Ra1 60. Re6 Rf1 61. Re8 Rf2 62. Rf8 Ra2 63. Ke6 Ra6+ 64. Kf7 Ra7+ 65. Kf6 Ra6+ 66. Kg5 1/2-1/2

[Event "Hostafrancs op 5th"]
[Site "Barcelona"]
[Date "2003.09.01"]
[Round "3"]
[White "LLobet Reus, Pere"]
[Black "Gonzalez Vidal, Yuri"]
[Result "0-1"]
[WhiteElo "2169"]
[BlackElo "2469"]
[PlyCount "66"]
[EventDate "2003.08.30"]
[EventType "swiss"]
[EventRounds "9"]
[EventCountry "ESP"]
[SourceTitle "EXT 2004"]
[Source "ChessBase"]
[SourceDate "2003.11.25"]
[SourceVersion "1"]
[SourceVersionDate "2003.11.25"]
[SourceQuality "1"]

1. e4 c6 2. d4 d5 3. e5 Bf5 4. Ne2 e6 5. Ng3 Bg6 6. h4 h5 7. Be2 c5 8. c3 Nc6 9. Be3 Qb6 10. dxc5 Qxb2 11. Qb3 Qxb3 12. axb3 Nxe5 13. b4 Nf6 14. Bd4 Nfd7 15. Kd2 Nc6 16. f4 f6 17. Re1 Bf7 18. Bb5 Kd8 19. Na3 g6 20. Nc2 Bh6 21. Be3 Kc7 22. Ne2 e5 23. g3 a6 24. Bxc6 bxc6 25. Rf1 Be6 26. Rae1 a5 27. Ra1 axb4 28. Nxb4 Bf5 29. Na6+ Kb7 30. Nb4 Rhe8 31. Nc2 Bxc2 32. Kxc2 Rxa1 33. Rxa1 exf4 0-1

[Event "Barceloneta op 3rd"]
[Site "Barcelona"]
[Date "2003.??.??"]
[Round "?"]
[White "LLobet Reus, Pere"]
[Black "Munoz Pantoja, Miguel Angel"]
[Result "1/2-1/2"]
[WhiteElo "2165"]
[BlackElo "2435"]
[PlyCount "55"]
[EventDate "2003.09.??"]
[EventType "swiss"]
[EventRounds "9"]
[EventCountry "ESP"]
[SourceTitle "EXT 2007"]
[Source "ChessBase"]
[SourceDate "2006.11.23"]
[SourceVersion "1"]
[SourceVersionDate "2006.11.23"]
[SourceQuality "1"]

1. e4 d5 2. exd5 Qxd5 3. Nc3 Qa5 4. d4 Nf6 5. Nf3 Nc6 6. h3 Bf5 7. Bc4 0-0-0 8. 0-0 e5 9. d5 e4 10. Ng5 Ne5 11. Qd4 Re8 12. Bb5 c6 13. dxc6 bxc6 14. Bf4 Nfd7 15. Qa4 Qxa4 16. Bxa4 h6 17. Ngxe4 g5 18. Bg3 Bxe4 19. Nxe4 f5 20. Bxe5 Rxe5 21. Nc3 Kc7 22. Rfe1 Bg7 23. Bb3 Nc5 24. Rxe5 Bxe5 25. Re1 Kd6 26. Rd1+ Kc7 27. Re1 Kd6 28. Rd1+ 1/2-1/2

[Event "Barceloneta op 2nd"]
[Site "Barcelona"]
[Date "2002.10.12"]
[Round "3"]
[White "Chalmeta Ugas, Ramon"]
[Black "LLobet Reus, Pere"]
[Result "1-0"]
[WhiteElo "2010"]
[BlackElo "2151"]
[PlyCount "57"]
[EventDate "2002.09.30"]
[EventType "swiss"]
[EventRounds "9"]
[EventCountry "ESP"]
[SourceTitle "EXT 2004"]
[Source "ChessBase"]
[SourceDate "2003.11.25"]
[SourceVersion "1"]
[SourceVersionDate "2003.11.25"]
[SourceQuality "1"]

1. e4 d6 2. d4 Nf6 3. f3 g6 4. c4 Bg7 5. Be3 0-0 6. Nc3 Nc6 7. Qd2 Rb8 8. Nge2 a6 9. 0-0-0 b5 10. Bh6 bxc4 11. h4 Nb4 12. Ng3 c5 13. dxc5 Qa5 14. a3 Bxh6 15. Qxh6 Nd3+ 16. Bxd3 cxd3 17. cxd6 Rxb2 18. Kxb2 Be6 19. Rxd3 Bc4 20. dxe7 Rb8+ 21. Kc2 Bxd3+ 22. Kxd3 Qxa3 23. Nf5 Nh5 24. g4 Rc8 25. Rc1 gxf5 26. gxh5 Qc5 27. Qg5+ Kh8 28. Qf6+ Kg8 29. Qd4 1-0

[Event "Barceloneta op"]
[Site "Barcelona"]
[Date "2001.11.17"]
[Round "8"]
[White "Alsina Leal, Daniel"]
[Black "LLobet Reus, Pere"]
[Result "0-1"]
[WhiteElo "1985"]
[BlackElo "2158"]
[PlyCount "63"]
[EventDate "2001.09.29"]
[EventType "swiss"]
[EventRounds "9"]
[EventCountry "ESP"]
[SourceTitle "CBM 085 Extra"]
[Source "ChessBase"]
[SourceDate "2002.01.21"]
[SourceVersion "1"]
[SourceVersionDate "2002.01.21"]
[SourceQuality "1"]

1. e4 d6 2. d4 Nf6 3. Nc3 g6 4. Be3 Bg7 5. Qd2 c6 6. Bh6 Bxh6 7. Qxh6 Qa5 8. Bd3 c5 9. d5 a6 10. Nf3 b5 11. 0-0 c4 12. Be2 b4 13. Nd1 Nxe4 14. Bxc4 Nd7 15. Re1 Nef6 16. Ne3 Bb7 17. Rad1 Rc8 18. Bb3 Rc5 19. Nd4 Qc7 20. Ndf5 gxf5 21. Nxf5 Ne5 22. Rxe5 dxe5 23. d6 Qc6 24. Bxf7+ Kxf7 25. Qg7+ Ke6 26. Nd4+ exd4 27. Re1+ Kf5 28. f3 Qxd6 29. g4+ Kf4 30. Qh6+ Rg5 31. Qh3 Nxg4 32. fxg4 0-1

[Event "Barceloneta op"]
[Site "Barcelona"]
[Date "2001.10.13"]
[Round "3"]
[White "LLobet Reus, Pere"]
[Black "Gallego Montes, Antonio"]
[Result "1-0"]
[WhiteElo "2158"]
[BlackElo "2125"]
[PlyCount "41"]
[EventDate "2001.09.29"]
[EventType "swiss"]
[EventRounds "9"]
[EventCountry "ESP"]
[SourceTitle "CBM 085 Extra"]
[Source "ChessBase"]
[SourceDate "2002.01.21"]
[SourceVersion "1"]
[SourceVersionDate "2002.01.21"]
[SourceQuality "1"]

1. e4 e6 2. d4 d5 3. Nd2 dxe4 4. Nxe4 Nd7 5. Bd3 Ngf6 6. Nxf6+ Nxf6 7. Nf3 c5 8. dxc5 Bxc5 9. 0-0 0-0 10. Qe2 h6 11. Rd1 Qb6 12. Ne5 Rd8 13. c3 Rd5 14. Bf4 Qd8 15. Bc4 Rxd1+ 16. Rxd1 Qe7 17. Rd3 Bd7 18. b4 Bb6 19. Rg3 Kf8 20. Qd3 Nd5 21. Qh7 1-0

[Event "Hostafrancs op 3rd"]
[Site "Barcelona"]
[Date "2001.09.06"]
[Round "6"]
[White "LLobet Reus, Pere"]
[Black "Kalod, Radek"]
[Result "0-1"]
[WhiteElo "2158"]
[BlackElo "2480"]
[PlyCount "66"]
[EventDate "2001.09.01"]
[EventType "swiss"]
[EventRounds "9"]
[EventCountry "ESP"]
[SourceTitle "CBM 084 Extra"]
[Source "ChessBase"]
[SourceDate "2001.10.26"]
[SourceVersion "1"]
[SourceVersionDate "2001.10.26"]
[SourceQuality "1"]

1. e4 c5 2. Nf3 d6 3. d4 cxd4 4. Nxd4 Nf6 5. Nc3 a6 6. Bc4 e6 7. Qe2 Qb6 8. Nb3 Qc7 9. Be3 Nbd7 10. f4 b5 11. Bd3 Bb7 12. a3 Be7 13. 0-0 0-0 14. Rae1 Rfe8 15. Bc1 e5 16. f5 Rac8 17. Qf3 Nb6 18. Bg5 Nfd7 19. Be3 Ba8 20. g4 Qd8 21. Rd1 Bg5 22. Be2 Bxe3+ 23. Qxe3 Qc7 24. Rd2 Rcd8 25. Bxb5 axb5 26. Nxb5 Qc6 27. Nxd6 Nc4 28. Nxc4 Qxc4 29. Rfd1 Bxe4 30. Na5 Qa4 31. Rxd7 Rxd7 32. Rxd7 Qxd7 33. Qxe4 Qa7+ 0-1

[Event "Barceloneta op"]
[Site "Barcelona"]
[Date "2001.??.??"]
[Round "6"]
[White "Ruiz Manchon, Francesco Xavier"]
[Black "LLobet Reus, Pere"]
[Result "0-1"]
[WhiteElo "2076"]
[BlackElo "2158"]
[PlyCount "58"]
[EventDate "2001.09.29"]
[EventType "swiss"]
[EventRounds "9"]
[EventCountry "ESP"]
[SourceTitle "CBM 085 Extra"]
[Source "ChessBase"]
[SourceDate "2002.01.21"]
[SourceVersion "1"]
[SourceVersionDate "2002.01.21"]
[SourceQuality "1"]

1. e4 d6 2. d4 Nf6 3. Nc3 g6 4. Be3 Bg7 5. f3 c6 6. Qd2 Nbd7 7. 0-0-0 Qa5 8. Kb1 b5 9. Bh6 Bxh6 10. Qxh6 b4 11. Nce2 Nb6 12. Nc1 Na4 13. Nge2 Rb8 14. Nb3 Qc7 15. Nf4 Rg8 16. Qg5 Nd7 17. Qa5 Ndb6 18. Qg5 f6 19. Qh6 e5 20. dxe5 dxe5 21. Nh3 a6 22. Nf2 c5 23. Qh4 c4 24. Nc1 Qe7 25. Be2 Nc3+ 26. bxc3 bxc3 27. Nfd3 Nd5+ 28. Ka1 Ne3 29. Qf2 Nxc2# 0-1

[Event "Banyoles op 3rd"]
[Site "Banyoles"]
[Date "2000.??.??"]
[Round "6"]
[White "Borges Matos, Juan R"]
[Black "LLobet Reus, Pere"]
[Result "1-0"]
[WhiteElo "2475"]
[BlackElo "2161"]
[PlyCount "80"]
[EventDate "2000.08.05"]
[EventType "swiss"]
[EventRounds "9"]
[EventCountry "ESP"]
[SourceTitle "EXT 2001"]
[Source "ChessBase"]
[SourceDate "2000.11.22"]
[SourceVersion "1"]
[SourceVersionDate "2000.11.22"]
[SourceQuality "1"]

1. d4 Nf6 2. c4 g6 3. Nc3 Bg7 4. Nf3 0-0 5. Bf4 d6 6. h3 c5 7. d5 Na6 8. e4 Nc7 9. Bd3 e5 10. Bg5 h6 11. Be3 a6 12. Qd2 Kh7 13. a4 b6 14. g4 Ng8 15. Rb1 Bd7 16. b4 a5 17. bxc5 bxc5 18. Nb5 Bc8 19. Ke2 Na6 20. Rbg1 Nb4 21. Bb1 Qe7 22. h4 Kh8 23. h5 g5 24. Nxg5 hxg5 25. h6 f6 26. hxg7+ Kxg7 27. f3 Nh6 28. Rh5 Nf7 29. Rgh1 Rg8 30. Rh7+ Kf8 31. Kd1 Rb8 32. Qf2 Na6 33. Bd3 Nb4 34. Kd2 Rb7 35. Nxd6 Nxd3 36. Kxd3 Rb3+ 37. Kc2 Ra3 38. Rxf7+ Qxf7 39. Nxf7 Ra2+ 40. Kc3 Rxf2 1-0